Actas. /

Guardado en:
Autor Corporativo: Congreso argentino de paleontología y bioestratigrafía. 1
Formato: Libro
Idioma:Spanish
Publicado: Tucumán : Universidad, 1975.
Materias:
Etiquetas: Agregar Etiqueta
Sin Etiquetas, Sea el primero en etiquetar este registro!
LEADER 00593nam a22001575a 4500
001 EUN.um024014
003 AR-BaUNS
005 20050623122902.0
008 041125s1975####ag#a##########000#0#spa#d
245 1 0 |a Actas. /  |c Congreso argentino de paleontología y bioestratigrafía. 1. 
260 |a Tucumán :  |b Universidad,  |c 1975. 
300 |a 2 v. :  |b ilus. ;  |c 26,5 cm. 
082 0 4 |a 560.63 
653 |a Asociacion paleontologica argentina 
110 2 |a Congreso argentino de paleontología y bioestratigrafía. 1  |c Tucumán, 12-16 agosto 1974. 
859 |a Ar-BaUNS  |b BIB. CENTRAL - Sector C  |h 560.63  |i C76  |p 77297/977  |v v.1-1